Ricostruisci la Carriera del Calciatore - Gary Lineker - Statistics

Statistiche generali
  • Questo quiz è stato fatto 7 volte
  • Il punteggio medio è 4 su 5
Statistiche sulle risposte
Hint Risposta % Corretto
1985-1986 Everton
100%
1989-1992 Tottenham
100%
1978-1985 Leicester City
83%
1992-1994 Nagoya Grampus
83%
1986-1989 Barcellona
67%
Nessun quiz corrispondente trovato
Distribuzione punteggi
Percentuale di utenti per punteggio
Percentile per numero di risposta
I tuoi punteggi nel tempo
Non hai fatto questo quiz